Normal view
MARC view
Entry Personal Name
001 - CONTROL NUMBER
- control field: 25212
003 - CONTROL NUMBER IDENTIFIER
- control field: UA-OsUOA
005 - DATE AND TIME OF LATEST TRANSACTION
- control field: 20260511121713.0
008 - FIXED-LENGTH DATA ELEMENTS
- fixed length control field: 260511|| aca||aabn | a|a d
040 ## - CATALOGING SOURCE
- Original cataloging agency: UA-OsUOA
- Transcribing agency: UA-OsUOA
100 ## - HEADING--PERSONAL NAME
- Personal name: Ігнатович О
670 ## - SOURCE DATA FOUND
- Source citation: Work cat.: (UA-OsUOA)580688: Яцканин І. 25208, Стороннім вхід заборонено, 2018